Handbook electric power calculations (Record no. 27030)

MARC details
000 -LEADER
fixed length control field 00469nam a2200169Ia 4500
008 - FIXED-LENGTH DATA ELEMENTS--GENERAL INFORMATION
fixed length control field 230917s9999||||xx |||||||||||||| ||und||
020 ## - ISBN
Price RS1399
040 ## - CATALOGING SOURCE
-- 247980
Original cataloging agency VIVEKANANDA LIBRARY
041 ## - Language
-- English
082 ## - DDC NUMBER
Classification number 621.31 B38H
100 ## - MAIN ENTRY--PERSONAL NAME
Personal name Beaty, H Wayne
245 #0 - TITLE STATEMENT
Title Handbook electric power calculations
260 ## - PUBLICATION, DISTRIBUTION, ETC. (IMPRINT)
Place of publication, distribution, etc Chennai
Name of publisher, distributor, etc McGraw Hill Education(India)
Date of publication, distribution, etc 2015
300 ## - PHYSICAL DESCRIPTION
Pages xiii, 738 p.
500 ## - GENERAL NOTE
General note 3149 04/06/2018 HBD18/7443 27/06/2018 UIET (SFS)
942 ## - ADDED ENTRY ELEMENTS (KOHA)
Koha item type Books
Holdings
Withdrawn status Lost status Damaged status Not for loan Location (home branch) Sublocation or collection (holding branch) Shelving location Date acquired Koha issues (times borrowed) Koha full call number Accession No. Koha date last seen Koha item type
        VIVEKANANDA LIBRARY VIVEKANANDA LIBRARY UIET Library 19/07/2018   621.31 B38H 380438 17/09/2023 Books
        VIVEKANANDA LIBRARY VIVEKANANDA LIBRARY UIET Library 19/07/2018   621.31 B38H 380439 17/09/2023 Books
        VIVEKANANDA LIBRARY VIVEKANANDA LIBRARY UIET Library 19/07/2018   621.31 B38H 380440 17/09/2023 Books
        VIVEKANANDA LIBRARY VIVEKANANDA LIBRARY UIET Library 19/07/2018   621.31 B38H 380441 17/09/2023 Books
        VIVEKANANDA LIBRARY VIVEKANANDA LIBRARY UIET Library 19/07/2018   621.31 B38H 380442 17/09/2023 Books
© Designed and Maintained by Vivekananda Library, MDU Rohtak